000 00281nam a22001337a 4500
008 170803b xxu||||| |||| 00| 0 eng d
020 _a9780619200244
041 _aeng
080 _a004
100 _a32
101 _aSHK
245 _aOFFICE 2003
_cSHELLY,B.G
942 _2udc
_cBK
999 _c22625
_d22625